| 000 | 00653nam a2200205 a 4500 | ||
|---|---|---|---|
| 001 | 261 | ||
| 003 | CDMR | ||
| 005 | 20131024133328.0 | ||
| 008 | 130130s2003||||||||||||||||||||||||||||d | ||
| 020 | _a8493343412 | ||
| 040 |
_aCDMR _bcat _cCDMR |
||
| 100 | 1 |
_aGil, Rosa _9171 |
|
| 245 | 1 | 0 |
_aAquí Ràdio _b: crònica de les ones a les comarques de Girona (1933-1982) _cGil Rosa, Montserrat Minobis |
| 260 |
_aGirona _c2003 _bCol.legi de Periodistes de Catalunya. Demarcació de Girona |
||
| 300 | _a316 p. | ||
| 490 | 0 |
_aPapers de comunicació _v3 |
|
| 650 | 0 | 4 |
_93756 _aRàdio local _zCatalunya |
| 700 | 1 |
_94003 _aMinobis, Montserrat _d1942- |
|
| 942 |
_cMON _2ddc |
||
| 999 |
_c261 _d261 |
||